Wine Regions of North-East Italy (typing) - Statistics

General Stats
  • This quiz has been taken 148 times
  • The average score is 8 of 10
Answers on the Map
Answers color-coded by a green-red scale on the quiz's map according to % correct below.
 
Answer Stats
Region % Correct
Trentino
91%
Valpolicella
89%
Soave
86%
Alto Adige
83%
Soave Classico
83%
Valpolicella Classico
80%
Collio
77%
Friuli Grave
69%
Colli Orientali
60%
Prosecco di Conegliano-Valdobbiadene
34%
No matching quizzes found
Score Distribution
Percent of People with Each Score
Percentile by Number Answered
Your Score History
You have not taken this quiz